Engineering mathematics-1: (Record no. 21019)

MARC details
000 -LEADER
fixed length control field 00915 a2200241 4500
003 - CONTROL NUMBER IDENTIFIER
control field dpl
005 - DATE AND TIME OF LATEST TRANSACTION
control field 20090115121638.0
008 - FIXED-LENGTH DATA ELEMENTS--GENERAL INFORMATION
fixed length control field 090115t xxu||||| |||| 00| 0 eng d
010 ## - LIBRARY OF CONGRESS CONTROL NUMBER
LC control number ENG-92516
020 ## - INTERNATIONAL STANDARD BOOK NUMBER
International Standard Book Number 9788184720556
Terms of availability 280.00
035 ## - SYSTEM CONTROL NUMBER
System control number EN-76049
037 ## - SOURCE OF ACQUISITION
Source of stock number/acquisition D. B. Act. / pub
040 ## - CATALOGING SOURCE
Transcribing agency dpl
082 ## - DEWEY DECIMAL CLASSIFICATION NUMBER
Classification number 620.00151
100 ## - MAIN ENTRY--PERSONAL NAME
Personal name Srinivasan, K.
245 ## - TITLE STATEMENT
Title Engineering mathematics-1:
Statement of responsibility, etc by K. Srinivasan
Remainder of title for first semester B.E., B. Tech., students common to all branches /
260 ## - PUBLICATION, DISTRIBUTION, ETC. (IMPRINT)
Place of publication, distribution, etc Kumbakonam
Name of publisher, distributor, etc Anuradha Publications
Date of publication, distribution, etc 2008
270 ## - ADDRESS
Address 7, West Patel Nagar,
City New Delhi
Postal code 110 008
300 ## - PHYSICAL DESCRIPTION
Extent various paging
Dimensions 22 cm (pbk)
650 ## - SUBJECT ADDED ENTRY--TOPICAL TERM
Topical term or geographic name as entry element Mathematics.
942 ## - ADDED ENTRY ELEMENTS (KOHA)
Institution code [OBSOLETE] dpl
Koha item type English Books
Source of classification or shelving scheme Dewey Decimal Classification
Classification part 620.00151
Call number suffix RAM
Holdings
Withdrawn status Lost status Source of classification or shelving scheme Damaged status Not for loan Collection code Home library Current library Date acquired Source of acquisition Cost, normal purchase price Total Checkouts Full call number Barcode Date last seen Copy number Cost, replacement price Price effective from Koha item type
    Dewey Decimal Classification   Not For Loan Non-fiction D.B.Act.Division D.B.Act.Division 15/01/2009 DBAD / PUB 280.00   620.00151 RAM EN-76049 15/01/2009 1 280.00 15/01/2009 English Books

© Delhi Public Library
Hit Counter
free hit counter